000 00611cam a2200145 4500500
005 20251228093425.0
041 _afre
042 _adc
100 1 0 _aOstromoukhov, Bella
_eauthor
245 0 0 _aLada Vladimirovna SILINA Nastroenija sovetskogo studen?estva, 1945-1964 [L’état d’esprit des étudiants soviétiques, 1945-1964] Moscou : Russkij Mir, 2004, 233p.
260 _c2005.
500 _a37
786 0 _nCahiers du monde russe | Vol 46 | 4 | 2005-11-01 | p. 859z-990z | 1252-6576
856 4 1 _uhttps://shs.cairn.info/revue-cahiers-du-monde-russe-2005-4-page-859z?lang=fr&redirect-ssocas=7080
999 _c1604352
_d1604351